London lettings (Record no. 80559)

MARC details
000 -LEADER
fixed length control field 01031cab a22001935a 4500
001 - CONTROL NUMBER
control field L144728
008 - FIXED-LENGTH DATA ELEMENTS--GENERAL INFORMATION
fixed length control field 080806s2008 xxkd f s 000 0 eng d
035 ## - SYSTEM CONTROL NUMBER
System control number (Sirsi) u144728
041 0# - LANGUAGE CODE
Language code of text/sound track or separate title eng
100 1# - MAIN ENTRY--PERSONAL NAME
Personal name Whotton, Kate
245 00 - TITLE STATEMENT
Title London lettings
Remainder of title demand is strong but so is supply
260 ## - PUBLICATION, DISTRIBUTION, ETC.
Date of publication, distribution, etc. 2008
490 ## - SERIES STATEMENT
Series statement Property Forecast
Volume/sequential designation 11(7) July 2008, 6-7(2)
520 ## - SUMMARY, ETC.
Summary, etc. Describes the outlook for the London lettings market in the current financial downturn. Explains that strong demand is currently coupled with strong supply; as the property base grows thanks to 'unwilling' landlords who are renting their properties as a result of being unable to sell their properties at a suitable price. Suggests that now might be a good time for cash-rich investors to make multiple purchases, as house builders are under pressure to sell properties to clear balance sheets.
650 24 - SUBJECT ADDED ENTRY--TOPICAL TERM
Topical term or geographic name entry element CREDIT CRUNCH
651 #4 - SUBJECT ADDED ENTRY--GEOGRAPHIC NAME
Geographic name England and Wales
Chronological subdivision 1543-
690 ## - LOCAL SUBJECT ADDED ENTRY--TOPICAL TERM (OCLC, RLIN)
Topical term or geographic name as entry element PROPERTY-RESIDENTIAL PROPERTY-RESIDENTIAL PROPERTY MARKET
942 ## - ADDED ENTRY ELEMENTS (KOHA)
Suppress in OPAC 0
Holdings
Withdrawn status Lost status Source of classification or shelving scheme Damaged status Not for loan Home library Current library Shelving location Date acquired Total Checkouts Full call number Barcode Date last seen Copy number Price effective from Koha item type
    Dewey Decimal Classification     London London Journal article 06/08/2008   L144728 144728-1001 06/08/2019 1 06/08/2019 Journal article